000 00844mam a2200289 a 4500
001 2288207
003 ARRUPE
005 20140424112919.0
008 971209r19961995nyu 000 0aeng d
020 _a0452276950
035 _a(OCoLC)34604310
035 _a(OCoLC)ocm34604310
035 _a(NNC)2288207
040 _aVET
_cVET
_dFVC
090 _aRC537
_b.T48 1996
092 _a616.852
096 _aWM 171 T477 1996
100 1 _aThompson, Tracy.
_99977
245 1 4 _aThe beast :
_ba journey through depression /
_cTracy Thompson.
260 _aNew York :
_bPlume,
_c[1996]
300 _a288 p. ;
_c25 cm.
500 _aOriginally published: New York : G.P. Putnam's Sons, c1995.
600 1 0 _aThompson, Tracy.
_99978
650 2 _aDepressive Disorder
_vPersonal Narratives.
_99979
942 _2lcc
_cMONOGRAPH
999 _c120439
_d120439